Analýza chýbajúcich hodnôt a ich dodefinovanie v strojovom učení
Salvato in:
| Autore principale: | |
|---|---|
| Altri autori: | |
| Natura: | Manoscritto Libro |
| Lingua: | slovacco |
| Pubblicazione: |
2022
|
| Soggetti: | |
| Accesso online: | http://is.stuba.sk/zp/portal_zp.pl?podrobnosti=155149 |
| Tags: |
Nessun Tag, puoi essere il primo ad aggiungerne!!
|
MARC
| LEADER | 00000ntm a22000003a 4500 | ||
|---|---|---|---|
| 001 | stuzp88088 | ||
| 003 | SK-STU | ||
| 005 | 20220625211017.8 | ||
| 007 | ta | ||
| 008 | 150427s2015----xo-----f-mn---000-0-slo-d | ||
| 040 | |a STU |b slo | ||
| 041 | 0 | |a slo | |
| 100 | 1 | |a Schmidt, Samuel |u 070200 |4 aut |U FIIT Fakulta informatiky a informačných technológií |T FIIT Ústav informatiky, informačných systémov a softvérového inžinierstva |X 103120 |U I200 |Y 179 |7 103120 | |
| 242 | 0 | 1 | |a Analysis and Replacement of Missing Values in Machine Learning |y eng |
| 245 | 1 | 0 | |a Analýza chýbajúcich hodnôt a ich dodefinovanie v strojovom učení |
| 260 | |c 2022 | ||
| 650 | 4 | |a regresia |2 slo | |
| 650 | 4 | |a chýbajúce dáta |2 slo | |
| 650 | 4 | |a hybridný model |2 slo | |
| 650 | 4 | |a missing values |2 eng | |
| 650 | 4 | |a imputation |2 eng | |
| 650 | 4 | |a regression models |2 eng | |
| 700 | 1 | |a Krammer, Peter |4 ths |X 10903 |7 A000010903 | |
| 856 | 4 | |u http://is.stuba.sk/zp/portal_zp.pl?podrobnosti=155149 | |